United Kingdom Renders Association Ltd and John Pointon and Sons Ltd v Sols Environment Transport and the Regions (Record no. 71775)

MARC details
000 -LEADER
fixed length control field 00937cam a2200205 4500
001 - CONTROL NUMBER
control field X120789
008 - FIXED-LENGTH DATA ELEMENTS--GENERAL INFORMATION
fixed length control field 021216n2002 000 0 eng u
035 ## - SYSTEM CONTROL NUMBER
System control number (Sirsi) u120789
245 ## - TITLE STATEMENT
Title United Kingdom Renders Association Ltd and John Pointon and Sons Ltd v Sols Environment Transport and the Regions
260 ## - PUBLICATION, DISTRIBUTION, ETC.
Date of publication, distribution, etc. 2002
490 ## - SERIES STATEMENT
Series statement Journal of Planning and Environment Law
Volume/sequential designation [2002] JPL 1524-1533(9)
520 ## - SUMMARY, ETC.
Summary, etc. CA 23 May 2002. Whether Sos esceeded his powers in advising the imposition of a qualified odour boundary condition in the generality of cases. On appeal, held that SoS had not exceeded his powers. (Taken from headnote)
650 ## - SUBJECT ADDED ENTRY--TOPICAL TERM
Topical term or geographic name entry element ENVIRONMENT PROTECTION ACT 1990
650 ## - SUBJECT ADDED ENTRY--TOPICAL TERM
Topical term or geographic name entry element UNITED KINGDOM RENDERERS ASSOCIATION LTD AND ANOTHER V SOS ENVIRONMENT, TRANSPORT AND THE REGIONS
650 ## - SUBJECT ADDED ENTRY--TOPICAL TERM
Topical term or geographic name entry element AIR POLLUTION
650 ## - SUBJECT ADDED ENTRY--TOPICAL TERM
Topical term or geographic name entry element Environment
9 (RLIN) 6238
650 ## - SUBJECT ADDED ENTRY--TOPICAL TERM
Topical term or geographic name entry element RENDERING
690 ## - LOCAL SUBJECT ADDED ENTRY--TOPICAL TERM (OCLC, RLIN)
Topical term or geographic name as entry element ENVIRONMENT-CASE LAW
942 ## - ADDED ENTRY ELEMENTS (KOHA)
Suppress in OPAC 0
Holdings
Withdrawn status Lost status Source of classification or shelving scheme Damaged status Not for loan Home library Current library Shelving location Date acquired Total Checkouts Full call number Barcode Date last seen Copy number Price effective from Koha item type
    Dewey Decimal Classification     London London Journal article 16/12/2002   X120789 120789-1001 06/08/2019 1 06/08/2019 Law report